|
|
|
|
| LEADER |
00000nam a2200000 4500 |
| 001 |
vtls009475082 |
| 003 |
SK-MaSNL |
| 005 |
20260301024612.0 |
| 008 |
180810s1651 rm a f 010 0 lat |
| 015 |
|
|
|a SNBHFA
|
| 040 |
|
|
|a SNKHF
|b slo
|c SNKHF
|e rfa
|
| 041 |
0 |
|
|a lat
|
| 044 |
|
|
|a rm
|c RO
|
| 072 |
|
7 |
|a 2
|x Náboženstvo
|2 konspekt
|
| 080 |
|
|
|a 2-285.4
|2 2011
|
| 080 |
|
|
|a (043.3)
|2 2011
|
| 100 |
1 |
|
|a Toufaeus, Michael,
|d 1624-1684
|4 aut
|4 dto
|9 318945
|
| 245 |
1 |
0 |
|a Disputatio Theologica De Perseverantia Sanctorum Secunda. Quam Auxilio Dei Opt. Max. Sub Praesidio Michaelis Toufaei SS. Theol. Doctoris, ac Celebrrima Schola Varadiensi Rectoris, Publico examini subjicit Stephanus Szekelyhidi. Ad diem 26. Maji, hora 9.
|
| 264 |
|
3 |
|a Varadini,
|b Apud Abrahamum K. Szenciensem.
|c cIɔ Iɔc LI (1651)
|
| 300 |
|
|
|a A4-E4, 39 strán
|c 19 cm
|
| 336 |
|
|
|a text
|b txt
|2 rdacontent
|
| 337 |
|
|
|a bez média
|b n
|2 rdamedia
|
| 338 |
|
|
|a zväzok
|b nc
|2 rdacarrier
|
| 500 |
|
|
|a Signet, linky, verzály, kustody
|
| 501 |
|
|
|a Príväzok 1. k: HORVÁT, Ondrej. Andreae Horvat Gymnasij Trenschiensis Rectoris Responsvm ... Trenchinii, Permissu Superiorum Typis Laurentij Beniamin ab Hage, 1652.
|5 SNK SD 40129/1-22
|
| 508 |
|
|
|a Dedikácia: Apaczai, Johannes; Toufaeus, Michael; príležitostné básne: Patai, Thomas F.; Püspöki, Johannes; Jenei, Michael; Köleséri, Samuel
|
| 546 |
|
|
|a Latinský text
|b Antikva
|b Kurzíva
|
| 562 |
|
|
|a Rukopisné marginálie.
|5 SNK SD 40129/1-22/prív.1
|
| 650 |
0 |
7 |
|a náboženské polemiky
|2 SNKPH
|9 88056
|
| 655 |
|
7 |
|a dizertácie
|2 SNKPH
|9 70277
|
| 700 |
1 |
|
|a Szekelyhidus, Stephanus
|4 aut
|9 318946
|
| 700 |
1 |
|
|a Apaczai, Johannes
|4 hnr
|9 318947
|
| 700 |
1 |
|
|a Szenczi Kertész, Ábrahám
|4 prt
|9 318948
|
| 700 |
1 |
|
|a Köleséri, Samuel,
|d 1634-1683
|4 aut
|9 318949
|
| 700 |
1 |
|
|a Patai, Thomas F.
|4 aut
|9 318950
|
| 700 |
1 |
|
|a Püspöki, Johannes
|4 aut
|9 318951
|
| 700 |
1 |
|
|a Jenei, Michael
|4 aut
|9 318952
|
| 752 |
|
|
|a Rumunsko
|d Varadín
|
| 852 |
|
|
|a snk
|p SD 40129/1-22/prív.1
|
| 958 |
|
|
|a ONDV
|
| 958 |
|
|
|a DC
|
| 999 |
|
|
|c 571439
|d 573369
|
| 952 |
|
|
|a SNK
|b SNK
|y PREZ
|7 0
|p 17A1485539
|o snkSD 40129/1-22/prív.1
|i snkD 827/72
|8 1
|0 0
|1 0
|4 0
|d 2009-02-19
|f 1
|l 0
|r 2026-02-23 14:15:58
|w 2026-02-23
|